Asymmetrical Planetary nebulae (Record no. 11781)

MARC details
000 -LEADER
fixed length control field 00865nam a2200205Ia 4500
003 - CONTROL NUMBER IDENTIFIER
control field IN-BaIIA
008 - FIXED-LENGTH DATA ELEMENTS--GENERAL INFORMATION
fixed length control field 211028s9999 xx 000 0 eng d
020 ## - INTERNATIONAL STANDARD BOOK NUMBER
International Standard Book Number 0-7503-0330-1
040 ## - CATALOGING SOURCE
Transcribing agency IIA Library
080 ## - UNIVERSAL DECIMAL CLASSIFICATION NUMBER
Universal Decimal Classification number 524.37(063)
Item number ASY
111 ## - MAIN ENTRY--MEETING NAME
Meeting name or jurisdiction name as entry element University of Haifa At Oranim Conference on Asymmetrical Planetary Nebulae
Location of meeting Oranim
Date of meeting or treaty signing 1994 Aug. 8-11
9 (RLIN) 20427
245 #0 - TITLE STATEMENT
Title Asymmetrical Planetary nebulae
Remainder of title proceedings of the University of Haifa at Oranim Conference on asymmetrical Planetary nebulae, held in Oranim, Israel, August 8-11,1994
Statement of responsibility, etc. edited by Amos Harpaz and noam Soker
260 ## - PUBLICATION, DISTRIBUTION, ETC.
Place of publication, distribution, etc. Jerusalem
Name of publisher, distributor, etc. IOP Publishing
Date of publication, distribution, etc. 1995
300 ## - PHYSICAL DESCRIPTION
Extent [various pagings.]
650 ## - SUBJECT ADDED ENTRY--TOPICAL TERM
Topical term or geographic name entry element Nebulae
9 (RLIN) 976
650 ## - SUBJECT ADDED ENTRY--TOPICAL TERM
Topical term or geographic name entry element Planetary nebulae
9 (RLIN) 5510
700 ## - ADDED ENTRY--PERSONAL NAME
Personal name Harpaz, Amos., ed.
9 (RLIN) 20428
700 ## - ADDED ENTRY--PERSONAL NAME
Personal name Soker, Noam., ed.
9 (RLIN) 20429
942 ## - ADDED ENTRY ELEMENTS (KOHA)
Koha item type Books
Holdings
Withdrawn status Lost status Damaged status Not for loan Home library Current library Shelving location Date acquired Source of acquisition Cost, normal purchase price Total Checkouts Full call number Barcode Date last seen Cost, replacement price Price effective from Koha item type Purchase Price
        IIA Library-Bangalore IIA Library-Bangalore General Stacks 14/06/1996 WP 3140.70   524.37(063)/ ASY 12696 05/11/2021 3140.70 14/06/1996 Books Rs. 3140.70

Powered by Koha